[Event "ARG-ch U14"]
[Site "Buenos Aires"]
[Date "2019.03.02"]
[Round "4.4"]
[White "Abramor, Franco1111"]
[Black "Cuenca, Nicolas"]
[Result "1-0"]
[WhiteElo "1601"]
[BlackElo "1372"]
[PlyCount "135"]
[EventDate "2019.03.01"]
[EventType "swiss"]
[EventRounds "9"]
[EventCountry "ARG"]
[SourceTitle "EXT 2024"]
[Source "ChessBase"]
[SourceDate "2023.10.10"]
[SourceVersion "1"]
[SourceVersionDate "2023.10.10"]
[SourceQuality "1"]

1. e4 e5 2. Nf3 Nc6 3. Bb5 a6 4. Ba4 Nf6 5. 0-0 Bc5 6. d3 d6 7. c3 0-0 8. h3 Bd7 9. Bg5 h6 10. Bh4 Nb8 11. Bc2 Bc6 12. d4 exd4 13. cxd4 Ba7 14. Nc3 Re8 15. Re1 b5 16. a3 Nbd7 17. Qd3 Nf8 18. e5 dxe5 19. Nxe5 Bb7 20. Rad1 Qd6 21. Bxf6 Qxf6 22. Re2 Rad8 23. Ng4 Qc6 24. d5 Qg6 25. Qg3 Qd6 26. Qxd6 cxd6 27. Ne4 f5 28. Nef6+ gxf6 29. Nxf6+ Kf7 30. Nxe8 Rxe8 31. Rxe8 Kxe8 32. Bxf5 Kf7 33. Kf1 Kf6 34. g4 Ng6 35. Bxg6 Kxg6 36. f4 Be3 37. f5+ Kg5 38. Ke2 Bf4 39. Kf3 Be5 40. h4+ Kf6 41. Rd2 a5 42. Ke4 Bc8 43. Rg2 Bd7 44. b3 Be8 45. g5+ hxg5 46. hxg5+ Kg7 47. Rc2 a4 48. Rc7+ Kf8 49. bxa4 bxa4 50. Rb7 Bf7 51. g6 Be8 52. Kf3 Bf6 53. Kg4 Kg8 54. Rb6 Be5 55. Kg5 Kg7 56. Rb7+ Kg8 57. f6 Bd4 58. f7+ Bxf7 59. Rxf7 Bc5 60. Kf5 Bxa3 61. Ra7 Bb2 62. Rxa4 Be5 63. Ra7 Bd4 64. Rd7 Be5 65. Ke6 Kf8 66. Rxd6 Bxd6 67. Kxd6 Kg7 68. Ke7 1-0